| 000 | 00670nam a2200169 a 4500 | ||
|---|---|---|---|
| 005 | 20140412111240.0 | ||
| 008 | 010426s19uu xx 00 eng d | ||
| 020 | _a0-7302-0574-6 | ||
| 050 |
_aTR(PS E _bBe43 1991 |
||
| 100 | _aLipson, Dr. Tony | ||
| 245 |
_aBenjamin goes to hospital : _ban introduction to hospital for children and parents / _cby Dr. Tony Lipson and the staff of the Royal Alexandra Hospital for Children; illustrated by Bruce Treloar. |
||
| 260 |
_aSydney : _bGolden Press, _c1991. |
||
| 300 | _a1v. (unp.) ; ill. | ||
| 650 | _aHospitals-Juvenile literature | ||
| 650 | _aChildren-Preparation for medical care-Juvenile literature | ||
| 999 |
_c102678 _d102678 |
||